EPIC: The Musical: All Songs - Statistics

General Stats
  • This quiz has been taken 3,295 times
    2,708 since last reset
  • The average score is 37 of 40
Answer Stats
Answer % Correct
The Horse and the Infant
97%
Just a Man
96%
Open Arms
96%
God Games
95%
Thunder Bringer
95%
Full Speed Ahead
94%
Little Wolf
94%
Monster
94%
Puppeteer
94%
Scylla
94%
Warrior of the Mind
94%
Keep Your Friends Close
93%
Legendary
93%
Odysseus
93%
Polyphemus
93%
Ruthlessness
93%
Storm
93%
The Underworld
93%
Dangerous
92%
Love in Paradise
92%
My Goodbye
92%
Remember Them
92%
Wouldn't You Like
92%
Done For
91%
Hold Them Down
91%
No Longer You
91%
Suffering
91%
Get in the Water
90%
Mutiny
90%
Survive
90%
The Challenge
90%
There Are Other Ways
90%
Would You Fall In Love With Me Again
90%
Luck Runs Out
89%
Not Sorry for Loving You
89%
Six Hundred Strike
89%
Different Beast
88%
Charybdis
86%
We'll Be Fine
84%
I Can't Help But Wonder
82%
No matching quizzes found
Score Distribution
Percent of People with Each Score
Percentile by Number Answered
Your Score History
You have not taken this quiz since the last reset